La economía de la URSS al desnudo : (Registro nro. 11680)

Detalles MARC
000 -LEADER
fixed length control field 01158nam a2200277Ia 4500
003 - CONTROL NUMBER IDENTIFIER
control field OSt
005 - DATE AND TIME OF LATEST TRANSACTION
control field 20210512160315.0
008 - FIXED-LENGTH DATA ELEMENTS--GENERAL INFORMATION
fixed length control field 210310s1977 sp ad gr 000 0 spa d
020 ## - INTERNATIONAL STANDARD BOOK NUMBER
International Standard Book Number 8472352943
040 ## - CATALOGING SOURCE
Original cataloging agency CO-JMCR
Transcribing agency CO-JMCR
041 0# - LANGUAGE CODE
Language code of text/sound track or separate title spa
082 04 - DEWEY DECIMAL CLASSIFICATION NUMBER
Classification number 330.947 /
Item number S678e
Edition number 23
100 1# - MAIN ENTRY--PERSONAL NAME
Personal name Sokoloff, Georges,
Relator term autor
9 (RLIN) 26172
245 13 - TITLE STATEMENT
Title La economía de la URSS al desnudo :
Remainder of title decisiones políticas y vida económica /
Statement of responsibility, etc. Geroges Sooloff ; traducción, Rodrigo Rama
250 ## - EDITION STATEMENT
Edition statement Primera edición
260 ## - PUBLICATION, DISTRIBUTION, ETC.
Place of publication, distribution, etc. Barcelona, España :
Name of publisher, distributor, etc. Dopesa,
Date of publication, distribution, etc. 1977.
300 ## - PHYSICAL DESCRIPTION
Extent 246 páginas :
Other physical details ilustraciones y gráficas en blanco y negro ;
Dimensions 24 cm.
501 ## - WITH NOTE
With note Con: notas a pie de página.
505 0# - FORMATTED CONTENTS NOTE
Formatted contents note La conciencia.-- La experiencia. -- Con ciencia y prudencia.
520 0# - SUMMARY, ETC.
Summary, etc. ¿Cuál es el porvenir económico inmediato que se prepara a la URSS?. Para responder a esta delicada cuestión, Georges Sokoloff propone, paradójicamente escrutar el pasado.
650 14 - SUBJECT ADDED ENTRY--TOPICAL TERM
Topical term or geographic name entry element Unión Soviética
9 (RLIN) 6622
650 24 - SUBJECT ADDED ENTRY--TOPICAL TERM
Topical term or geographic name entry element Política y gobierno
9 (RLIN) 37576
650 24 - SUBJECT ADDED ENTRY--TOPICAL TERM
Topical term or geographic name entry element Política económica
9 (RLIN) 37577
700 1# - ADDED ENTRY--PERSONAL NAME
Personal name Rama, Rodrigo,
Relator term traductor
9 (RLIN) 37578
942 ## - ADDED ENTRY ELEMENTS (KOHA)
Source of classification or shelving scheme Dewey Decimal Classification
Koha item type Books
Existencias
Withdrawn status Lost status Source of classification or shelving scheme Damaged status Not for loan Home library Current library Shelving location Date acquired Source of acquisition Full call number Barcode Date last seen Copy number Price effective from Koha item type
    Dewey Decimal Classification     Biblioteca Pública José María del Castillo y Rada Biblioteca Pública José María del Castillo y Rada General Stacks 04/15/2018 Donación 330.947 / S678e 201811183 05/16/2024 Ej.1 03/10/2021 Books